Financing of Innovation Activities in Small and Medium Enterprises in Slovak Republic by Public Resources

Guardado en:
Detalles Bibliográficos
Autor principal: Raková, Monika, 1991-
Formato: Capítulo de libro
Lenguaje:inglés
Materias:
Etiquetas: Agregar Etiqueta
Sin Etiquetas, Sea el primero en etiquetar este registro!

MARC

LEADER 00000naa$a2200000$$$4500
001 0260434
005 20240502074126.2
041 0 |a eng 
044 |a SK 
245 1 0 |a Financing of Innovation Activities in Small and Medium Enterprises in Slovak Republic by Public Resources  |c Monika Raková 
610 2 0 |a zdroje finančné 
610 2 0 |a financovanie 
610 2 0 |a financie verejné 
610 2 0 |a podnik malý 
610 2 0 |a podnik stredný 
610 2 0 |a inovácia 
100 1 |a Raková, Monika, 1991-